<?xml version="1.0" encoding="UTF-8"?>
<record
    xmlns:xsi="http://www.w3.org/2001/XMLSchema-instance"
    xsi:schemaLocation="http://www.loc.gov/MARC21/slim http://www.loc.gov/standards/marcxml/schema/MARC21slim.xsd"
    xmlns="http://www.loc.gov/MARC21/slim">

  <leader>02812nam a2200361 i 4500</leader>
  <controlfield tag="003">DO-SdBNP</controlfield>
  <controlfield tag="005">20240521140628.0</controlfield>
  <controlfield tag="007">ta</controlfield>
  <controlfield tag="008">210215b2019    dr acd|gr|||| 001 edspa d</controlfield>
  <datafield tag="020" ind1=" " ind2=" ">
    <subfield code="a">9789945911992</subfield>
  </datafield>
  <datafield tag="040" ind1=" " ind2=" ">
    <subfield code="a">DO-SdBNP</subfield>
    <subfield code="b">spa</subfield>
    <subfield code="c">BNPHU</subfield>
    <subfield code="e">rda</subfield>
  </datafield>
  <datafield tag="082" ind1=" " ind2="4">
    <subfield code="a">972.93052</subfield>
    <subfield code="b">O21m</subfield>
    <subfield code="2">22</subfield>
  </datafield>
  <datafield tag="245" ind1="0" ind2="3">
    <subfield code="a">La ocupaci&#xF3;n militar estadounidense de 1916 :</subfield>
    <subfield code="b">ensayos y documentos /</subfield>
    <subfield code="c">Bernardo Vega y Dennis R. Sim&#xF3;, compiladores ; traducci&#xF3;n, Milqueya de la Rosa y Liza Marra Nevola, cuidado de la edici&#xF3;n Jes&#xFA;s R. Navarro Zerpa.</subfield>
  </datafield>
  <datafield tag="264" ind1=" " ind2="1">
    <subfield code="a">Santo Domingo :</subfield>
    <subfield code="b">Sociedad Dominicana de Bibli&#xF3;filos, </subfield>
    <subfield code="c">2019</subfield>
  </datafield>
  <datafield tag="300" ind1=" " ind2=" ">
    <subfield code="a">544 p&#xE1;ginas : </subfield>
    <subfield code="b">ilustraciones, fotograf&#xED;as ; </subfield>
    <subfield code="c">22 cm</subfield>
  </datafield>
  <datafield tag="336" ind1=" " ind2=" ">
    <subfield code="2">rdacontent</subfield>
    <subfield code="a">texto</subfield>
    <subfield code="b">txt</subfield>
  </datafield>
  <datafield tag="337" ind1=" " ind2=" ">
    <subfield code="2">rdamedia</subfield>
    <subfield code="a">sin  mediaci&#xF3;n</subfield>
    <subfield code="b">n</subfield>
  </datafield>
  <datafield tag="338" ind1=" " ind2=" ">
    <subfield code="2">rdacarrier</subfield>
    <subfield code="a">volumen</subfield>
    <subfield code="b">nc</subfield>
  </datafield>
  <datafield tag="490" ind1=" " ind2="1">
    <subfield code="a">Academia Dominicana de la Historia ;</subfield>
    <subfield code="x">151</subfield>
  </datafield>
  <datafield tag="500" ind1=" " ind2=" ">
    <subfield code="a">Incluye &#xED;ndice</subfield>
  </datafield>
  <datafield tag="500" ind1=" " ind2=" ">
    <subfield code="a">Incluye referencias bibliogr&#xE1;ficas y notas al pie de las p&#xE1;ginas </subfield>
  </datafield>
  <datafield tag="504" ind1=" " ind2=" ">
    <subfield code="a">Bibliograf&#xED;a : p&#xE1;gina 461-477</subfield>
  </datafield>
  <datafield tag="505" ind1="0" ind2=" ">
    <subfield code="a">Presentaci&#xF3;n /
</subfield>
    <subfield code="r">Bernardo Vega -- </subfield>
    <subfield code="t">Liminar /</subfield>
    <subfield code="r">Dennis R. Sim&#xF3; Torres --</subfield>
    <subfield code="t">En las garras del &#xE1;guila : cr&#xED;menes de los yanquis en Santo Domingo /</subfield>
    <subfield code="r">Horacio Blanco Fombona --</subfield>
    <subfield code="t">A trav&#xE9;s de Santo Domingo y Hait&#xED; un viaje con los marines /</subfield>
    <subfield code="r">Samuel Guy Inman --</subfield>
    <subfield code="t">Santo Domingo sus condiciones pasadas y presentes /</subfield>
    <subfield code="r">Thomas Snowden --</subfield>
    <subfield code="t">Un enfoque  integral de la contrainsurgencia : la ocupaci&#xF3;n militar de los Estados Unidos de la Rep&#xFA;blica Dominicana, 1916-1924 /</subfield>
    <subfield code="r">Vermon T. Veggeberg --</subfield>
    <subfield code="t">La ocupaci&#xF3;n militar de la Rep&#xFA;blica Dominicana. La pol&#xED;tica de a nueva a administraci&#xF3;n /</subfield>
    <subfield code="r">Dana G. Munro -- </subfield>
    <subfield code="t">Salida de Santo Domingo /</subfield>
    <subfield code="r">Dana G. Munro -- </subfield>
    <subfield code="t">Soldados del mar problema en Santo Domingo /</subfield>
    <subfield code="r">Robert D. Heinl --</subfield>
    <subfield code="t">Informe del general de brigada Barnett sobre Santo Domingo /</subfield>
    <subfield code="r">George Barnett --</subfield>
    <subfield code="t">El gobierno civil en Santo Domingo en los primeros tiempos de la ocupaci&#xF3;n militar /</subfield>
    <subfield code="r">Rufus H. Lane -- Exposici&#xF3;n que hace el Congreso Regional Nacionalista del Seybo al pa&#xED;s y al Gobierno interventor  --</subfield>
    <subfield code="t">Bibliograf&#xED;a sobre la ocupaci&#xF3;n estadounidense de 1916 /</subfield>
    <subfield code="r">Frank Moya Pons --</subfield>
    <subfield code="t">Ap&#xE9;ndice:</subfield>
    <subfield code="t">Im&#xE1;genes de la ocupaci&#xF3;n -- </subfield>
    <subfield code="t">&#xCD;ndice onom&#xE1;stico --</subfield>
    <subfield code="t">Publicaciones de la Academia Dominicana  de la Historia --</subfield>
    <subfield code="t">Publicaciones de la Sociedad Dominicana de Bibli&#xF3;filos, Inc. </subfield>
  </datafield>
  <datafield tag="590" ind1=" " ind2=" ">
    <subfield code="a">Inventariado, 2024 /MF</subfield>
  </datafield>
  <datafield tag="651" ind1=" " ind2="4">
    <subfield code="a">Rep&#xFA;blica Dominicana</subfield>
    <subfield code="x">Historia</subfield>
    <subfield code="y">Ocupaci&#xF3;n estadounidense, 1916-1924</subfield>
    <subfield code="9">79484</subfield>
  </datafield>
  <datafield tag="700" ind1="1" ind2=" ">
    <subfield code="9">12731</subfield>
    <subfield code="a">Vega, Bernardo, </subfield>
    <subfield code="d">1938-</subfield>
    <subfield code="e">compilador</subfield>
  </datafield>
  <datafield tag="700" ind1="1" ind2=" ">
    <subfield code="9">31631</subfield>
    <subfield code="a">Sim&#xF3; Torres, Dennis R.,</subfield>
    <subfield code="d">1943-</subfield>
    <subfield code="e">compilador</subfield>
  </datafield>
  <datafield tag="700" ind1="1" ind2=" ">
    <subfield code="a">Rosa , Milqueya  de la,</subfield>
    <subfield code="e">traductora</subfield>
    <subfield code="9">77752</subfield>
  </datafield>
  <datafield tag="700" ind1="1" ind2=" ">
    <subfield code="a">Marra Nevola, Liza  </subfield>
    <subfield code="e">traductora</subfield>
    <subfield code="9">77753</subfield>
  </datafield>
  <datafield tag="700" ind1="1" ind2=" ">
    <subfield code="a">Navarro Zerpa, Jes&#xFA;s R.,</subfield>
    <subfield code="e">editor</subfield>
    <subfield code="9">73422</subfield>
  </datafield>
  <datafield tag="910" ind1=" " ind2=" ">
    <subfield code="a">Validado. Control de calidad MFF</subfield>
  </datafield>
  <datafield tag="942" ind1=" " ind2=" ">
    <subfield code="2">ddc</subfield>
    <subfield code="c">LBS1</subfield>
  </datafield>
  <datafield tag="952" ind1=" " ind2=" ">
    <subfield code="0">0</subfield>
    <subfield code="1">0</subfield>
    <subfield code="2">ddc</subfield>
    <subfield code="5">1</subfield>
    <subfield code="7">0</subfield>
    <subfield code="8">PD</subfield>
    <subfield code="a">BNPHU</subfield>
    <subfield code="b">BNPHU</subfield>
    <subfield code="c">HD</subfield>
    <subfield code="d">2019-10-18</subfield>
    <subfield code="e">Donado por Editora Buh&#xF3;</subfield>
    <subfield code="o">BNPHU PD 972.93052 O21m </subfield>
    <subfield code="p">2021-0156</subfield>
    <subfield code="r">2021-02-15</subfield>
    <subfield code="w">2021-02-15</subfield>
    <subfield code="y">LBS1</subfield>
  </datafield>
  <datafield tag="952" ind1=" " ind2=" ">
    <subfield code="0">0</subfield>
    <subfield code="1">0</subfield>
    <subfield code="2">ddc</subfield>
    <subfield code="5">1</subfield>
    <subfield code="7">0</subfield>
    <subfield code="8">PD</subfield>
    <subfield code="a">BNPHU</subfield>
    <subfield code="b">BNPHU</subfield>
    <subfield code="c">HD</subfield>
    <subfield code="d">2019-07-30</subfield>
    <subfield code="e">Donado por la Academia Dominicana de la Lengua</subfield>
    <subfield code="o">BNPHU PD 972.93052 O21m </subfield>
    <subfield code="p">2021-0157</subfield>
    <subfield code="r">2021-02-15</subfield>
    <subfield code="t">e.2</subfield>
    <subfield code="w">2021-02-15</subfield>
    <subfield code="y">LBS1</subfield>
  </datafield>
  <datafield tag="952" ind1=" " ind2=" ">
    <subfield code="0">0</subfield>
    <subfield code="1">0</subfield>
    <subfield code="2">ddc</subfield>
    <subfield code="5">6</subfield>
    <subfield code="7">0</subfield>
    <subfield code="8">DS</subfield>
    <subfield code="a">BNPHU</subfield>
    <subfield code="b">BNPHU</subfield>
    <subfield code="c">HD</subfield>
    <subfield code="d">2018-10-18</subfield>
    <subfield code="e">Donado por  Editora B&#xFA;ho</subfield>
    <subfield code="o">BNPHU  DS 972.93052  O21m </subfield>
    <subfield code="p">2021-0158</subfield>
    <subfield code="r">2021-02-15</subfield>
    <subfield code="t">e.3</subfield>
    <subfield code="w">2021-02-15</subfield>
    <subfield code="y">LBS1</subfield>
  </datafield>
  <datafield tag="952" ind1=" " ind2=" ">
    <subfield code="0">0</subfield>
    <subfield code="1">0</subfield>
    <subfield code="2">ddc</subfield>
    <subfield code="5">6</subfield>
    <subfield code="7">0</subfield>
    <subfield code="8">DS</subfield>
    <subfield code="a">BNPHU</subfield>
    <subfield code="b">BNPHU</subfield>
    <subfield code="c">HD</subfield>
    <subfield code="d">2019-10-18</subfield>
    <subfield code="e">Donado por Editora B&#xFA;ho</subfield>
    <subfield code="o">BNPHU DS 972.93052 021m</subfield>
    <subfield code="p">2021-0159</subfield>
    <subfield code="r">2021-02-15</subfield>
    <subfield code="t">e.4</subfield>
    <subfield code="w">2021-02-15</subfield>
    <subfield code="y">LBS1</subfield>
  </datafield>
  <datafield tag="952" ind1=" " ind2=" ">
    <subfield code="0">0</subfield>
    <subfield code="1">0</subfield>
    <subfield code="2">ddc</subfield>
    <subfield code="5">6</subfield>
    <subfield code="7">0</subfield>
    <subfield code="8">DS</subfield>
    <subfield code="a">BNPHU</subfield>
    <subfield code="b">BNPHU</subfield>
    <subfield code="c">HD</subfield>
    <subfield code="d">2020-07-30</subfield>
    <subfield code="e">Donado por la Academia Dominicana de la Lengua</subfield>
    <subfield code="o">BNPHU DS 972.93052 O21m</subfield>
    <subfield code="p">2021-0160</subfield>
    <subfield code="r">2021-02-15</subfield>
    <subfield code="t">e.5</subfield>
    <subfield code="w">2021-02-15</subfield>
    <subfield code="y">LBS1</subfield>
  </datafield>
  <datafield tag="999" ind1=" " ind2=" ">
    <subfield code="c">49364</subfield>
    <subfield code="d">49364</subfield>
  </datafield>
</record>
